LIBRARY & INFORMATION CENTRE, KCAET, TAVANUR

ONLINE PUBLIC ACCESS CATALOGUE (OPAC)

C J Smaraka-Grandham / (Record no. 3755)

MARC details
000 -LEADER
fixed length control field 00389cam a2200157ua 4500
041 ## - LANGUAGE CODE
Language code of text/sound track or separate title mal
082 ## - DEWEY DECIMAL CLASSIFICATION NUMBER
Classification number 894.812 803
Item number YWA/CJ
100 ## - MAIN ENTRY--AUTHOR NAME
Personal name Y W A , Ernakulam .
245 ## - TITLE STATEMENT
Title C J Smaraka-Grandham /
250 ## - EDITION STATEMENT
Edition statement 1 /
260 ## - PUBLICATION, DISTRIBUTION, ETC. (IMPRINT)
Place of publication Thrissur :
Name of publisher Current Books ,
Year of publication 1961.
300 ## - PHYSICAL DESCRIPTION
Number of Pages 196 ; .
942 ## - ADDED ENTRY ELEMENTS (KOHA)
Koha item type Books
Holdings
Withdrawn status Lost status Damaged status Home library Current library Date acquired Full call number Accession Number Koha item type
Withdrawn     KAUAET Malayalam University 07/04/2012 894.812 803 208 Books
free website counter